Malaysia's attractions increasingly evident (Record no. 80234)
[ view plain ]
| 000 -LEADER | |
|---|---|
| fixed length control field | 00819cab a22001935a 4500 |
| 001 - CONTROL NUMBER | |
| control field | L143585 |
| 008 - FIXED-LENGTH DATA ELEMENTS--GENERAL INFORMATION | |
| fixed length control field | 080520s2008 xxk f 000 0 eng d |
| 035 ## - SYSTEM CONTROL NUMBER | |
| System control number | (Sirsi) u143585 |
| 041 0# - LANGUAGE CODE | |
| Language code of text/sound track or separate title | eng |
| 100 1# - MAIN ENTRY--PERSONAL NAME | |
| Personal name | Holifield, Emma |
| 245 00 - TITLE STATEMENT | |
| Title | Malaysia's attractions increasingly evident |
| 260 ## - PUBLICATION, DISTRIBUTION, ETC. | |
| Date of publication, distribution, etc. | 2008 |
| 490 #0 - SERIES STATEMENT | |
| Series statement | Property Forecast |
| Volume/sequential designation | 11(4), April 2008, 10-14(4) |
| 520 ## - SUMMARY, ETC. | |
| Summary, etc. | Argues that the Malaysian property market is a good investment opportunity. The main reasons are: a very young population profile, an urbanisation rate of 10% per annum and supply only 44% of current demand. Covers: the economy, where to buy and mortgages. Table shows projected new completions 2007-2011. |
| 590 ## - LOCAL NOTE (RLIN) | |
| Local note | KA |
| 651 #4 - SUBJECT ADDED ENTRY--GEOGRAPHIC NAME | |
| Geographic name | Malaysia |
| Chronological subdivision | 1965- |
| 690 ## - LOCAL SUBJECT ADDED ENTRY--TOPICAL TERM (OCLC, RLIN) | |
| Topical term or geographic name as entry element | PROPERTY-COMMERCIAL PROPERTY-COMMERCIAL PROPERTY MARKET |
| 942 ## - ADDED ENTRY ELEMENTS (KOHA) | |
| Suppress in OPAC | 0 |
| Withdrawn status | Lost status | Source of classification or shelving scheme | Damaged status | Not for loan | Home library | Current library | Shelving location | Date acquired | Total Checkouts | Full call number | Barcode | Date last seen | Copy number | Price effective from | Koha item type |
|---|---|---|---|---|---|---|---|---|---|---|---|---|---|---|---|
| Dewey Decimal Classification | London | London | Journal article | 20/05/2008 | L143585 | 143585-1001 | 06/08/2019 | 1 | 06/08/2019 | Journal article |